Badly Drawn Flags #2 - Statistics

General Stats
  • This quiz has been taken 26,762 times
  • The average score is 12 of 16
Answer Stats
Picture Answer % Correct
Germany
99%
Iran
91%
Bosnia and Herzegovina
89%
Algeria
88%
Philippines
84%
Mongolia
81%
Haiti
78%
Bahamas
73%
Central African Republic
71%
Tonga
71%
Burundi
70%
Lesotho
69%
Comoros
66%
Eritrea
65%
Nauru
65%
Solomon Islands
50%
No matching quizzes found
Score Distribution
Percent of People with Each Score
Percentile by Number Answered
Your Score History
You have not taken this quiz